000 00542cam a2200145 4500500
005 20260208002341.0
041 _afre
042 _adc
100 1 0 _aDelmas, Corinne
_eauthor
245 0 0 _aSébastien Dalgalarrondo Sida: la course aux molécules. Paris, Éd. de l’EHESS, 2004, 379 p., bibl., tabl. (« Cas de figure » 2)
260 _c2005.
500 _a83
786 0 _nL'Homme | 174 | 2 | 2005-06-01 | p. 277q-329q | 0439-4216
856 4 1 _uhttps://shs.cairn.info/revue-l-homme-2005-2-page-277q?lang=fr&redirect-ssocas=7080
999 _c1645965
_d1645965